01227cam a2200313 a 450000100090000000300040000900500170001300800410003001000170007102000470008802000310013504000130016605000260017908200210020510000260022624500830025226000470033530000330038249000110041550400640042665000600049065000710055070000190062170000280064090600450066894200480071395201350076199900170089615755084OSt20231229145226.0090529s2009 ne a bf 001 0 eng  a 2009929643 a9780387938363 (softcover : acidfree paper) a9780387938370 (electronic) aDLCcDLC00aQA276.45.R3bZ88 2009 a519.50285bZUU/B1 aZuur, Alain F.91024112aA beginner's guide to R /cAlain F. Zuur, Elena N. Ieno, Erik H.W.G. Meesters. aDordrecht ;aNew York :bSpringer,cc2009. axv, 218 p. :bill. ;c24 cm.0 aUse R! aIncludes bibliographical references (p. 207-208) and index. 0aR (Computer program language)vHandbooks, manuals, etc. 0aMathematical statisticsxData processingvHandbooks, manuals, etc.1 aIeno, Elena N.1 aMeesters, Erik H. W. G. a7bcbccorignewd2eepcnf20gy-gencatlg 2ddccBKh519.50285iZUU/Bk519.50285mZUU/B 00102ddc40708DATAaMESbMEScCOMPd2024-01-18l0o519.50285 ZUU/Bp45094r2024-01-18 16:24:53v7116.55w2024-01-18yBKzGL33R3 c44245d44245